Responses for Show #7569 - Thursday, July 6, 2017

Jon Eisenman game 5.

Contestants

[<< previous game]

Rishi Sangani, a consultant from San Francisco, California

Liz Reardon, a health care consultant from Saint Albans Bay, Vermont

Jon Eisenman, an attorney from Los Angeles, California (whose 4-day cash winnings total $82,301)

[next game >>]

Jeopardy! Round responses

A REAL NUT JOB
VISUAL ART
CONFUCIUS SAID
A SPARKLE QUIZ
ISLANDS ON THE SCREEN
THAT IS WHAT WE "R"
    $200 15
Brazil nuts

Jon
    $200 10
Rodin

Liz
    $200 14
(Rishi: What is poverty?)

poor

JonRishi
    $200 30
sparkling wine

Jon
    $200 11
Gilligan's Island

Jon
    $200 19
rabble

Liz
    $400 8
chestnuts

Rishi
    $400 6
Halley's comet

Jon
    $400 18
the North Star

Jon
    $400 28
Edward

Rishi
    $400 12
King Kong

Jon
    $400 20
a runner

Jon
    $600 1
macadamia nuts

Jon
    $600 3
cigars

Liz
    $600 25
(Alex: Minute to go.)

evil

Triple Stumper
    $600 29
Windex

Liz
    $600 13
Fantasy Island

Liz
    $600 21
a raconteur

Jon
    $800 7
pralines

Jon
    $800 4
pointillism

Liz
    $800 23
mother and father

Jon
    $800 9
(Rishi: What is clarity?)

cut

LizRishi
    $800 16
Chris Pratt

Jon
    $800 26
relegate

Rishi
    $1000 2
methane

Liz
    $1000 5
(Hieronymus) Bosch

Liz
    $1000 24
(Liz: What is bread?)

rice

Liz
Triple Stumper
    $1000 27
Dick Tracy

Liz
    $1000 17
Tom Hanks

Jon
    $1000 22
rudimentary

Rishi

Scores at the first commercial break (after clue 15):

Jon Liz Rishi
$2,800 $5,000 -$600

Scores at the end of the Jeopardy! Round:

Jon Liz Rishi
$7,000 $5,800 $1,600

Double Jeopardy! Round responses

COATS OF ARMS
AMERICAN HISTORY
FROM THE LATIN
LET ME ENTERTAIN YOU
BRIT LIT
YOUR MAMA!
    $400 13
the Philippines

Jon
    $400 6
the gold standard

Rishi
    $400 8
calories

Jon
    $400 28
DJ (or disc jockey)

Jon
    $400 30
(Liz: Who is Pepys?)

James Boswell

Liz
Triple Stumper
    $400 27
Eve

Jon
    $800 14
(Jon: What is Italy?)

Monaco

Jon
    $800 5
(Jon: What is the Tennessee Valley Project?)

Tennessee Valley Authority

Jon
    $800 9
topiary

Liz
    $800 18
soft-shoe

Jon
    $800 29
Solomon

Jon
    $800 19
Lady Bird Johnson

Jon
    $1200 15
(Liz: What is Tibet?)

Nepal

JonLiz
    $1200 4
Margaret Sanger

Jon
    $1200 10
an aperture

Jon
    $1200 26
John Wayne

Jon
    $1200 7
(P. G.) Wodehouse

Liz
    $1200 20
Carol Brady

Jon
    $1600 3
Jordan

Jon
    $1600 2
Calhoun

Rishi
    $1600 11
foliage

Liz
    $1600 25
ball

Rishi
    $1600 24
Graham Greene

Liz
    $1600 21
Mary Wollstonecraft

Rishi
    $2000 16
Ecuador

Rishi
    $2000 1
the Treaty of Ghent

Jon
    $2000 12
cadaver

Triple Stumper
    $2000 17
Jethro Tull

Liz
    $2000 23
(Liz: What is The Forsyte Saga?)

Howards End

Liz
Triple Stumper
    $2000 22
Hera

Rishi

Scores at the end of the Double Jeopardy! Round:

Jon Liz Rishi
$19,000 $9,400 $10,800

[wagering suggestions for these scores]

Final Jeopardy! Round responses

SPORTS TRADITIONS
LizWhat is Wimbledon?
$7,000
RishiWhat is the Cricket World Cup?
$8,201
JonWhat is Wimbledon
$2,601
Wimbledon

Final scores:

Jon Liz Rishi
$21,601 $16,400 $2,599
5-day champion: $103,902 2nd place: $2,000 3rd place: $1,000

Game dynamics:

Coryat scores:

Jon Liz Rishi
$20,600 $9,400 $10,800
28 R
(including 1 DD),
2 W
(including 2 DDs)
15 R,
4 W
10 R,
2 W

Combined Coryat: $40,800

[game clues] [game scores] [suggest correction]

Game tape date: Unknown
The J! Archive is created by fans, for fans. Scraping, republication, monetization, and malicious use prohibited; this site may use cookies and collect identifying information. See terms. The Jeopardy! game show and all elements thereof, including but not limited to copyright and trademark thereto, are the property of Jeopardy Productions, Inc. and are protected under law. This website is not affiliated with, sponsored by, or operated by Jeopardy Productions, Inc. Join the discussion at JBoard.tv.